Herbicidal potential of sorghum and brassica against the weeds of cotton (Registro n. 9067)
[ somente texto ]
| 000 -LÍDER | |
|---|---|
| fixed length control field | 04251nab a2200373 i 4500 |
| 003 - CÓDIGO MARC DA AGÊNCIA CATALOGADORA | |
| Campo de controle | BR-BrBNA |
| 005 - DATA E HORA DA ÚLTIMA ATUALIZAÇÃO | |
| Campo de controle | 20230831114328.0 |
| 008 - CAMPO DE TAMANHO FIXO | |
| fixed length control field | 230509b2018 bl.ar|pooa||| 00| 0 eng | |
| 040 ## - FONTE DA CATALOGAÇÃO | |
| Agência catalogadora | BR-BrBNA |
| Idioma da catalogação | eng |
| 072 ## - CATEGORIA AGRIS | |
| Código AGRIS | H60 |
| Código do objeto | 0430 |
| 072 ## - CATEGORIA AGRIS | |
| Código do objeto | 0170 |
| 100 ## - ENTRADA PRINCIPAL - NOME PESSOAL | |
| Nome pessoal | Farooq, O. |
| 100 ## - ENTRADA PRINCIPAL - NOME PESSOAL | |
| Nome pessoal | Atique-Ur-Rehman |
| 100 ## - ENTRADA PRINCIPAL - NOME PESSOAL | |
| Nome pessoal | Sarwar, N. |
| 100 ## - ENTRADA PRINCIPAL - NOME PESSOAL | |
| Nome pessoal | Hussain, M. |
| 100 ## - ENTRADA PRINCIPAL - NOME PESSOAL | |
| Nome pessoal | Wasaya, A. |
| 100 ## - ENTRADA PRINCIPAL - NOME PESSOAL | |
| Nome pessoal | Naeem, M. |
| 100 ## - ENTRADA PRINCIPAL - NOME PESSOAL | |
| Nome pessoal | Iqbal, M.M. |
| 100 ## - ENTRADA PRINCIPAL - NOME PESSOAL | |
| Nome pessoal | Khaliq, A. |
| 245 ## - TÍTULO PRINCIPAL | |
| Título principal | Herbicidal potential of sorghum and brassica against the weeds of cotton |
| 500 ## - NOTA GERAL | |
| Nota geral | Publicação on-line; 37 ref.; 4 tables; Summaries (En, Pt) |
| 942 ## - ADDED ENTRY ELEMENTS (KOHA) | |
| Koha item type | |
| 520 ## - NOTA DE RESUMO | |
| Nota de conteúdo | <br/><br/>ABSTRACT - Weed infestation is among the main factors which decrease cotton<br/>yield. Allelopathy has been well-documented as a phenomenon offering natural<br/>weed control in agro-ecosystems. An experiment was conducted to figure out the<br/>herbicidal potential of a mixture of sorghum and brassica water extracts (SBWE)<br/>against weeds in cotton. Combinations of SBWE each at 16 L ha-1 were sprayed<br/>alone and in combination in a tank mixed with 31 and ¼ doses of both pendimethalin<br/>(0.625 and 0.416 kg a.i. ha-1) and S-metolachlor (1.075 and 0.716 kg a.i. ha-1).<br/>Recommended doses of pendimethalin (1.25 kg a.i. ha-1) and S-metolachlor<br/>(2.15 kg a.i. ha-1) were also sprayed for comparison. As control, a weedy check<br/>treatment where nothing was sprayed was also included in the experiment. Lower<br/>doses ( 31 ) of both herbicides in combination with SBWE gave approximately the<br/>same level of weed reduction and crop improvement as given by the recommended<br/>doses of herbicides. Furthermore, economic and marginal analysis showed that<br/>maximum net benefits were obtained in using allelopathic water extracts alone and in<br/>combination with lower rates of commercial herbicides. Thus, in conclusion,<br/>allelopathy can be employed for weed management and yield maximization in modern<br/>agriculture.<br/><br/>Keywords: cotton herbicides, sorghum water extract, brassica water extract, weed<br/>dynamics.<br/> |
| 520 ## - NOTA DE RESUMO | |
| Nota de conteúdo | <br/><br/>RESUMO - A infestação de plantas daninhas está entre os principais fatores que<br/>diminuem a produção de algodão. A alelopatia tem sido bem documentada como<br/>um fenômeno que oferece controle natural de plantas daninhas nos<br/>agroecossistemas. Foi realizado um experimento para descobrir o potencial<br/>herbicida de uma mistura de extratos aquosos de sorgo e brássicas (EASB) contra<br/>plantas daninhas no algodoeiro. Combinações de EASB, cada um com 16 L ha-1,<br/>foram pulverizadas isoladas e em combinação em um tanque misturado com 3<br/>1 e ¼ de doses de pendimethalin (0,625 e 0,416 kg i.a. ha-1) e S-metolachlor (1,075 e<br/>0,716 kg i.a. ha-1). Doses recomendadas de pendimethalin (1,25 kg i.a. ha-1) e<br/>S-metolachlor (2,15 kg i.a. ha-1) também foram pulverizadas para fins de<br/>comparação. Como controle, também foi incluído no experimento um tratamento<br/>sem capina, onde nenhum herbicida foi pulverizado. Em combinação com os EASBs,<br/>as doses mais baixas ( 31 ) de ambos os herbicidas obtiveram, aproximadamente, o<br/>mesmo nível de redução de plantas daninhas e melhoramento das culturas, conforme<br/>determinado pelas doses recomendadas dos herbicidas. Além disso, uma análise<br/>econômica e marginal mostrou que foram obtidos máximos benefícios líquidos<br/>com o uso de extratos aquosos alelopáticos isoladamente e em combinação com<br/>doses menores dos herbicidas comerciais. Assim, em conclusão, a alelopatia pode ser empregada para<br/>o manejo de plantas daninhas e maximização da produtividade na agricultura moderna.<br/><br/>Palavras-chave: herbicidas de algodoeiro, extrato aquoso de sorgo, extrato aquoso de brássicas, dinâmica<br/>das plantas daninhas. |
| 650 ## - ASSUNTO - THESAGRO | |
| Cabeçalho tópico ou nome geográfico | HERBICIDA |
| 650 ## - ASSUNTO - THESAGRO | |
| Cabeçalho tópico ou nome geográfico | ALGODÃO |
| 650 ## - ASSUNTO - THESAGRO | |
| Cabeçalho tópico ou nome geográfico | EXTRATO |
| 650 ## - ASSUNTO - THESAGRO | |
| Cabeçalho tópico ou nome geográfico | SORGO |
| 650 ## - ASSUNTO - THESAGRO | |
| Cabeçalho tópico ou nome geográfico | BRASSICA NAPUS |
| 650 ## - ASSUNTO - THESAGRO | |
| Cabeçalho tópico ou nome geográfico | ERVA DANINHA |
| 773 0# - ENTRADA ANALÍTICA | |
| Host Biblionumber | 886 |
| Registro do item | 1815 |
| Imprenta | Londrina-PR : Sociedade Brasileira da Ciência das Plantas Daninhas, 1978 |
| Outro identificador | 2023-031022 |
| Título | Planta Daninha (Brazil) |
| ISSN | 0100-8358; 1806-9681 (on-line) |
| Colação | v. 36 p. 1-8; (2018) |
| Número de controle de registro | BR2023000148 |
| 856 ## - ACESSO E ENDEREÇO ELETRÔNICO | |
| Identificador uniforme de recurso - URI | https://www.scielo.br/j/pd/a/GmC83MWMVdfdrHD5nf5Zx4v/?format=pdf&lang=en |
Nenhum exemplar disponível.

BINAGRI